header

Using social media to gauge Iranian public opinion and mood after the 2009 election (Record no. 145320)

MARC details
000 -LEADER
fixed length control field 01442nam a2200349 a 4500
082 04 - DEWEY DECIMAL CLASSIFICATION NUMBER
Classification number 324.955/061
245 00 - TITLE STATEMENT
Title Using social media to gauge Iranian public opinion and mood after the 2009 election
260 ## - PUBLICATION, DISTRIBUTION, ETC. (IMPRINT)
Place of publication Santa Monica, Calif. :
Name of publisher RAND National Security Research Division,
Year of publication c2012.
300 ## - PHYSICAL DESCRIPTION
Number of Pages xxi, 86 p. :
Other physical details ill.
650 #0 - SUBJECT ADDED ENTRY--TOPICAL TERM
Topical Term Presidents
Topical Term Public opinion
Topical Term Social media
Topical Term Social media
700 1# - ADDED ENTRY--PERSONAL NAME
Personal name Elson, Sara Beth.
856 40 - ELECTRONIC LOCATION AND ACCESS
Uniform Resource Identifier http://site.ebrary.com/lib/rucke/Doc?id=10527281

No items available.

© 2026 Rongo University
Contact us: librarian | system librarian | Rongo university